| 000 | 00000nam##2200000za#4500 |
| 001 | 9.687672 |
| 003 | CaOODSP |
| 005 | 20210624231100 |
| 007 | cr ||||||||||| |
| 008 | 150407|2005||||xxc|||||o f|0| 0 eng|d |
| 020 | |a0-660-19505-4 |
| 040 | |aCaOODSP|beng |
| 043 | |an-cn--- |
| 086 | 1 |aCS89-503/2005E-PDF |
| 245 | 00|aWomen in Canada : |h[electronic resource]|ba gender-based statistical report |
| 250 | |a5th edition |
| 260 | |aOttawa - Ontario : |bStatistics Canada |c2005. |
| 300 | |a311p.|bgraphs, tables |
| 520 | 3 |aAnalyzes the situation of Canadian women by exploring their demographic and cultural characteristics, living arrangements, income, labour force activity, health and criminal and victimization characteristics. |
| 590 | |a06-11|b2006-03-17 |
| 590 | |a06-10-Supp|b2006-12-15 |
| 690 | 07|aWomen|2gcpds |
| 690 | 07|aStatistics|2gcpds |
| 710 | 2 |aStatistics Canada. |
| 775 | 08|tFemmes au Canada : |w(CaOODSP)9.632115 |
| 776 | 0#|tWomen in Canada : |w(CaOODSP)9.649803 |
| 856 | 40|ahttp://publications.gc.ca|qPDF|s1169 KB|uhttps://publications.gc.ca/collections/Collection-R/Statcan/89-503-X/0010589-503-XIE.pdf |